[Event "Masdenverge op 6th"]
[Site "Masdenverge"]
[Date "2017.07.01"]
[Round "5"]
[White "Carreras Villagrasa, Pablo"]
[Black "Benaiges Fontanet, German"]
[Result "0-1"]
[WhiteElo "1782"]
[BlackElo "1986"]
[PlyCount "64"]
[EventDate "2017.06.30"]
[EventType "swiss"]
[EventRounds "7"]
[EventCountry "ESP"]
[SourceTitle "EXT 2019"]
[Source "ChessBase"]
[SourceDate "2018.10.10"]
[SourceVersion "1"]
[SourceVersionDate "2018.10.10"]
[SourceQuality "1"]

1. d4 Nf6 2. Nf3 d5 3. e3 c6 4. Bd3 Bg4 5. Nbd2 e6 6. 0-0 Nbd7 7. Qe2 Be7 8. b3 0-0 9. Bb2 Re8 10. e4 dxe4 11. Nxe4 Nxe4 12. Bxe4 Nf6 13. Bd3 Qc7 14. c4 Rad8 15. Rfe1 Bb4 16. Red1 Bd6 17. h3 Bh5 18. c5 Bf8 19. Qe5 Qxe5 20. dxe5 Nd5 21. g4 Bg6 22. Bxg6 hxg6 23. Rac1 Nf4 24. Kh2 Nd3 25. Rc2 Nxb2 26. Rxd8 Rxd8 27. Rxb2 Bxc5 28. Kg3 Kf8 29. Rd2 Rxd2 30. Nxd2 Ke7 31. Nc4 b5 32. Na5 Kd7 0-1

[Event "ESP-ch U14"]
[Site "Granada"]
[Date "2016.07.13"]
[Round "5"]
[White "Lin, Ying Rui"]
[Black "Carreras Villagrasa, Pablo"]
[Result "1-0"]
[WhiteElo "1901"]
[BlackElo "1641"]
[PlyCount "69"]
[EventDate "2016.07.11"]
[EventType "swiss"]
[EventRounds "9"]
[EventCountry "ESP"]
[SourceTitle "EXT 2024"]
[Source "ChessBase"]
[SourceDate "2023.10.10"]
[SourceVersion "1"]
[SourceVersionDate "2023.10.10"]
[SourceQuality "1"]

1. d4 d5 2. Nf3 c5 3. c3 cxd4 4. cxd4 Nf6 5. Nc3 Nc6 6. e3 g6 7. Bd3 Bg7 8. Ne5 0-0 9. f4 Nxe5 10. dxe5 Ne8 11. 0-0 f6 12. f5 gxf5 13. Bxf5 Bxf5 14. Rxf5 fxe5 15. Rxf8+ Kxf8 16. Nxd5 e6 17. Qf3+ Kg8 18. Nc3 Nd6 19. e4 Qf6 20. Qe2 Rf8 21. Be3 a6 22. Rd1 Nf7 23. Bb6 Qe7 24. a3 Rc8 25. Qd3 Rc6 26. Be3 Rc7 27. b4 b5 28. Bc5 Rxc5 29. bxc5 Qxc5+ 30. Kh1 Qxa3 31. Rf1 b4 32. Qd7 bxc3 33. Qxf7+ Kh8 34. Qe8+ Bf8 35. Qe7 1-0